<?xml version="1.0" encoding="UTF-8"?>
<record
    xmlns:xsi="http://www.w3.org/2001/XMLSchema-instance"
    xsi:schemaLocation="http://www.loc.gov/MARC21/slim http://www.loc.gov/standards/marcxml/schema/MARC21slim.xsd"
    xmlns="http://www.loc.gov/MARC21/slim">

  <leader>03193nam a2200421 a 4500</leader>
  <controlfield tag="001">41557</controlfield>
  <controlfield tag="003">BD-RjUL</controlfield>
  <controlfield tag="005">20211209053417.0</controlfield>
  <controlfield tag="008">160601m19811978bg ||||| |||| 00| 0 ben d</controlfield>
  <datafield tag="020" ind1=" " ind2=" ">
    <subfield code="c">: TK 17.00 (V-2)</subfield>
  </datafield>
  <datafield tag="020" ind1=" " ind2=" ">
    <subfield code="c">: TK 25.50 (V-4)</subfield>
  </datafield>
  <datafield tag="020" ind1=" " ind2=" ">
    <subfield code="c">: TK 20.00 (V-6)</subfield>
  </datafield>
  <datafield tag="020" ind1=" " ind2=" ">
    <subfield code="c">: TK 19.00 (V-8)</subfield>
  </datafield>
  <datafield tag="020" ind1=" " ind2=" ">
    <subfield code="c">: TK 17.50 (V-9)</subfield>
  </datafield>
  <datafield tag="020" ind1=" " ind2=" ">
    <subfield code="c">: TK 23.00 (V-10)</subfield>
  </datafield>
  <datafield tag="020" ind1=" " ind2=" ">
    <subfield code="c">: TK 13.50 (V-11)</subfield>
  </datafield>
  <datafield tag="020" ind1=" " ind2=" ">
    <subfield code="c">: TK 18.00 (V-12)</subfield>
  </datafield>
  <datafield tag="020" ind1=" " ind2=" ">
    <subfield code="c">: TK 20.00 (V-13)</subfield>
  </datafield>
  <datafield tag="020" ind1=" " ind2=" ">
    <subfield code="c">: TK 29.50 (V-14)</subfield>
  </datafield>
  <datafield tag="020" ind1=" " ind2=" ">
    <subfield code="c">: TK 28.50 (V-15)</subfield>
  </datafield>
  <datafield tag="020" ind1=" " ind2=" ">
    <subfield code="c">: TK 31.00 (V-16)</subfield>
  </datafield>
  <datafield tag="020" ind1=" " ind2=" ">
    <subfield code="c">: TK 36.00 (V-17)</subfield>
  </datafield>
  <datafield tag="020" ind1=" " ind2=" ">
    <subfield code="c">: TK 27.50 (V-18)</subfield>
  </datafield>
  <datafield tag="020" ind1=" " ind2=" ">
    <subfield code="c">: TK 33.00 (V-19)</subfield>
  </datafield>
  <datafield tag="035" ind1=" " ind2=" ">
    <subfield code="a">(BD-RjUL)41675</subfield>
  </datafield>
  <datafield tag="040" ind1=" " ind2=" ">
    <subfield code="a">BD-RjUL</subfield>
    <subfield code="b">ben </subfield>
    <subfield code="c">BD-RjUL</subfield>
  </datafield>
  <datafield tag="041" ind1=" " ind2=" ">
    <subfield code="a">ben </subfield>
  </datafield>
  <datafield tag="082" ind1=" " ind2=" ">
    <subfield code="2">23 </subfield>
    <subfield code="a">297.1229</subfield>
    <subfield code="b">MAT V-2-19 1978-1981 </subfield>
  </datafield>
  <datafield tag="100" ind1="1" ind2=" ">
    <subfield code="a">&#x9AE;&#x993;&#x9A6;&#x9C2;&#x9A6;&#x9C0;, &#x9B8;&#x9BE;&#x987;&#x9AF;&#x9BC;&#x9C7;&#x9A6; &#x986;&#x9AC;&#x9C1;&#x9B2; &#x986;'&#x9B2;&#x9BE; </subfield>
    <subfield code="9">123985</subfield>
  </datafield>
  <datafield tag="245" ind1="1" ind2="0">
    <subfield code="a">&#x9A4;&#x9BE;&#x9AB;&#x9B9;&#x9C0;&#x9AE;&#x9C1;&#x9B2; &#x995;&#x9CB;&#x9B0;&#x986;&#x9A8; / </subfield>
    <subfield code="c">&#x9B8;&#x9BE;&#x987;&#x9AF;&#x9BC;&#x9C7;&#x9A6; &#x986;&#x9AC;&#x9C1;&#x9B2; &#x986;'&#x9B2;&#x9BE; &#x9AE;&#x993;&#x9A6;&#x9C2;&#x9A6;&#x9C0; ; &#x985;&#x9A8;&#x9C1;&#x9AC;&#x9BE;&#x9A6;: &#x9AE;&#x9C1;&#x9B9;&#x9BE;&#x9AE;&#x9CD;&#x9AE;&#x9BE;&#x9A6; &#x986;&#x9AC;&#x9A6;&#x9C1;&#x9B0; &#x9B0;&#x9B9;&#x9C0;&#x9AE; </subfield>
  </datafield>
  <datafield tag="260" ind1=" " ind2=" ">
    <subfield code="a">&#x9A2;&#x9BE;&#x995;&#x9BE; :</subfield>
    <subfield code="b">&#x986;&#x9A7;&#x9C1;&#x9A8;&#x9BF;&#x995; &#x9AA;&#x9CD;&#x9B0;&#x995;&#x9BE;&#x9B6;&#x9A8;&#x9C0;, </subfield>
    <subfield code="c">&#x9E7;&#x9EF;&#x9ED;&#x9EE;-&#x9E7;&#x9EF;&#x9EE;&#x9E7; </subfield>
  </datafield>
  <datafield tag="300" ind1=" " ind2=" ">
    <subfield code="a"> &#x996;&#x9A3;&#x9CD;&#x9A1; ;</subfield>
    <subfield code="c">&#x9E8;&#x9EA; &#x9B8;&#x9C7;&#x9AE;&#x9BF;. </subfield>
  </datafield>
  <datafield tag="505" ind1="0" ind2=" ">
    <subfield code="a">&#x996;&#x9A3;&#x9CD;&#x9A1; &#x9E8;, &#x9B8;&#x9C2;&#x9B0;&#x9BE; &#x986;&#x9B2;&#x9C7;-&#x987;&#x9AE;&#x9B0;&#x9BE;&#x9A8; &#x993; &#x9B8;&#x9C2;&#x9B0;&#x9BE; &#x986;&#x9A8;-&#x9A8;&#x9C7;&#x9B8;&#x9BE; ---  &#x996;&#x9A3;&#x9CD;&#x9A1; &#x9EA;, &#x9B8;&#x9C2;&#x9B0;&#x9BE; &#x986;&#x9B2;-&#x986;&#x9B0;&#x9BE;&#x9AB; - &#x9B8;&#x9C2;&#x9B0;&#x9BE; &#x986;&#x9B2;-&#x986;&#x9A8;&#x9AB;&#x9BE;&#x9B2; --  &#x996;&#x9A8;&#x9CD;&#x9A1; &#x9EC;, &#x9B8;&#x9C2;&#x9B0;&#x9BE; &#x9B9;&#x9C1;&#x9A6;--&#x9B8;&#x9C2;&#x9B0;&#x9BE; &#x987;&#x9AC;&#x9B0;&#x9BE;&#x9B9;&#x9C0;&#x9AE; --- &#x996;&#x9A3;&#x9CD;&#x9A1; &#x9EE;, &#x9B8;&#x9C2;&#x9B0;&#x9BE; &#x9AE;&#x9B0;&#x9BF;&#x9AF;&#x9BC;&#x9AE;-&#x9B8;&#x9C2;&#x9B0;&#x9BE; &#x986;&#x9B2;-&#x9B9;&#x99C;&#x9CD;&#x99C; --- &#x996;&#x9A3;&#x9CD;&#x9A1; &#x9EF;, &#x9B8;&#x9C1;&#x9B0;&#x9BE; &#x986;&#x9B2;-&#x9AE;&#x9C1;'&#x9AE;&#x9C7;&#x9A8;&#x9C1;&#x9A8; &#x993; &#x9B8;&#x9C1;&#x9B0;&#x9BE; &#x986;&#x9A8;-&#x9A8;&#x9C2;&#x9B0; ---  &#x996;&#x9A8;&#x9CD;&#x9A1; &#x9E7;&#x9E6;, &#x9B8;&#x9C2;&#x9B0;&#x9BE; &#x986;&#x9B2;-&#x9AB;&#x9CB;&#x9B0;&#x995;&#x9BE;&#x9A8;-&#x9B8;&#x9C2;&#x9B0;&#x9BE; &#x986;&#x9B2;-&#x995;&#x9BE;&#x99B;&#x9BE;&#x99B; ---  &#x996;&#x9A3;&#x9CD;&#x9A1; &#x9E7;&#x9E7;, &#x9B8;&#x9C2;&#x9B0;&#x9BE; &#x986;&#x9B2;-&#x986;&#x9A8;&#x995;&#x9BE;&#x9AC;&#x9C1;&#x9A4;- &#x9B8;&#x9C2;&#x9B0;&#x9BE; &#x986;&#x9B8;-&#x9B8;&#x9BE;&#x99C;&#x9A6;&#x9BE; --- &#x996;&#x9A8;&#x9CD;&#x9A1; &#x9E7;&#x9E8;, &#x9B8;&#x9C2;&#x9B0;&#x9BE; &#x986;&#x9B2;-&#x986;&#x9B9;&#x99C;&#x9BE;&#x9AC;, &#x9B8;&#x9C2;&#x9B0;&#x9BE; &#x9B8;&#x9BE;&#x9AC;&#x9BE;, &#x9B8;&#x9C2;&#x9B0;&#x9BE; &#x9AB;&#x9BE;&#x9A4;&#x9C7;&#x9B0; --- &#x996;&#x9A3;&#x9CD;&#x9A1;, &#x9E7;&#x9E9;, &#x9B8;&#x9C2;&#x9B0;&#x9BE; &#x987;&#x9AF;&#x9BC;&#x9BE;&#x9B8;&#x9C0;&#x9A8; -- &#x9B8;&#x9C2;&#x9B0;&#x9BE; &#x986;&#x9B2;-&#x9AE;&#x9C2;`&#x9AE;&#x9C7;&#x9A8; --- &#x996;&#x9A3;&#x9CD;&#x9A1; &#x9E7;&#x9EA;, &#x9B8;&#x9C2;&#x9B0;&#x9BE; &#x9B9;&#x9BE;-&#x9AE;&#x9C0;&#x9AE; &#x986;&#x9B8;-&#x9B8;&#x9BF;&#x99C;&#x9A6;&#x9BE;- &#x9B8;&#x9C2;&#x9B0;&#x9BE; &#x986;&#x9B2;-&#x986;&#x9B9;&#x995;&#x9BE;&#x9AB; ---  &#x996;&#x9A3;&#x9CD;&#x9A1; &#x9E7;&#x9EB;, &#x9B8;&#x9C1;&#x9B0;&#x9BE; &#x9AE;&#x9C1;&#x9B9;&#x9BE;&#x9AE;&#x9CD;&#x9AE;&#x9BE;&#x9A6;-&#x9B8;&#x9C1;&#x9B0;&#x9BE; &#x986;&#x9A4;&#x9CD;&#x200C;-&#x9A4;&#x9C1;&#x9B0; --- &#x996;&#x9A3;&#x9CD;&#x9A1; &#x9E7;&#x9EC;. &#x9B8;&#x9C1;&#x9B0;&#x9BE; &#x986;&#x9A8;-&#x9A8;&#x9BE;&#x99C;&#x9AE; - &#x9B8;&#x9C1;&#x9B0;&#x9BE; &#x986;&#x9CD;&#x9B2;-&#x9AE;&#x9C1;&#x99C;&#x9BE;&#x9A6;&#x9BE;&#x9B2;&#x9BE; --- &#x996;&#x9A3;&#x9CD;&#x9A1; &#x9E7;&#x9ED;, &#x9B8;&#x9C1;&#x9B0;&#x9BE; &#x986;&#x9B2;-&#x9B9;&#x9BE;&#x9B6;&#x9B0; - &#x9B8;&#x9C1;&#x9B0;&#x9BE; &#x986;&#x9A4;&#x9CD;&#x200C;-&#x9A4;&#x9BE;&#x9B9;&#x9B0;&#x9C0;&#x9AE; --- &#x996;&#x9A3;&#x9CD;&#x9A1; &#x9E7;&#x9EE;, &#x9B8;&#x9C2;&#x9B0;&#x9BE; &#x986;&#x9B2;-&#x9AE;&#x9C1;&#x9B2;&#x995; - &#x9B8;&#x9C2;&#x9B0;&#x9BE; &#x986;&#x9B2;-&#x9B8;&#x9C1;&#x9B0;&#x9B8;&#x9BE;&#x9B2;&#x9BE;&#x9A4; --- &#x996;&#x9A3;&#x9CD;&#x9A1; &#x9E7;&#x9EF;: &#x986;&#x9AE;&#x9AA;&#x9BE;&#x9B0;&#x9BE;, &#x9B8;&#x9C2;&#x9B0;&#x9BE; &#x9A8;&#x9BE;'&#x9AC;&#x9BE;-&#x986;&#x9A8;-&#x9A8;&#x9BE;&#x9B8; --</subfield>
  </datafield>
  <datafield tag="650" ind1=" " ind2=" ">
    <subfield code="a">&#x995;&#x9C1;&#x9B0;&#x986;&#x9A8;</subfield>
    <subfield code="x">&#x9AA;&#x9C3;&#x9A5;&#x995; &#x9B8;&#x9C2;&#x9B0;&#x9BE; &#x98F;&#x9AC;&#x982; &#x9B8;&#x9C2;&#x9B0;&#x9BE;&#x9B8;&#x9AE;&#x9C2;&#x9B9;</subfield>
    <subfield code="x">&#x985;&#x9A8;&#x9C1;&#x9AC;&#x9BE;&#x9A6; &#x98F;&#x9AC;&#x982; &#x9AC;&#x9CD;&#x9AF;&#x9BE;&#x996;&#x9CD;&#x9AF;&#x9BE;</subfield>
    <subfield code="9">237309</subfield>
  </datafield>
  <datafield tag="650" ind1=" " ind2=" ">
    <subfield code="a">Quran</subfield>
    <subfield code="x">Individual suras and groups of suras</subfield>
    <subfield code="x">Translation and Iterpretation</subfield>
    <subfield code="9">237310</subfield>
  </datafield>
  <datafield tag="700" ind1=" " ind2=" ">
    <subfield code="a">&#x9B0;&#x9B9;&#x9C0;&#x9AE;, &#x9AE;&#x9C1;&#x9B9;&#x9BE;&#x9AE;&#x9CD;&#x9AE;&#x9BE;&#x9A6; &#x986;&#x9AC;&#x9A6;&#x9C1;&#x9B0;,  &#x985;&#x9A8;&#x9C1;&#x9AC;&#x9BE;&#x9A6;&#x995; </subfield>
    <subfield code="9">237311</subfield>
  </datafield>
  <datafield tag="942" ind1=" " ind2=" ">
    <subfield code="2">ddc</subfield>
    <subfield code="c">BK</subfield>
  </datafield>
  <datafield tag="999" ind1=" " ind2=" ">
    <subfield code="c">41557</subfield>
    <subfield code="d">41557</subfield>
  </datafield>
  <datafield tag="952" ind1=" " ind2=" ">
    <subfield code="0">0</subfield>
    <subfield code="1">0</subfield>
    <subfield code="2">ddc</subfield>
    <subfield code="4">0</subfield>
    <subfield code="7">0</subfield>
    <subfield code="8">NFIC</subfield>
    <subfield code="a">RUCL</subfield>
    <subfield code="b">RUCL</subfield>
    <subfield code="c">Stack</subfield>
    <subfield code="d">1980-11-26</subfield>
    <subfield code="e">Dacca, Saudi Arabian Embassy</subfield>
    <subfield code="g">19.00</subfield>
    <subfield code="l">0</subfield>
    <subfield code="o">B 297.1229  MAT V-8 1978</subfield>
    <subfield code="r">2016-06-01 00:00:00</subfield>
    <subfield code="t">C-2</subfield>
    <subfield code="w">2021-12-09</subfield>
    <subfield code="y">BK</subfield>
  </datafield>
  <datafield tag="952" ind1=" " ind2=" ">
    <subfield code="0">0</subfield>
    <subfield code="1">0</subfield>
    <subfield code="2">ddc</subfield>
    <subfield code="4">0</subfield>
    <subfield code="7">0</subfield>
    <subfield code="8">NFIC</subfield>
    <subfield code="a">RUCL</subfield>
    <subfield code="b">RUCL</subfield>
    <subfield code="c">Stack</subfield>
    <subfield code="d">1978-09-14</subfield>
    <subfield code="e">Dacca, Saudi Arabian Embassy</subfield>
    <subfield code="g">17.50</subfield>
    <subfield code="l">0</subfield>
    <subfield code="o">B 297.1229  MAT V-9 1978</subfield>
    <subfield code="r">2016-07-17 00:00:00</subfield>
    <subfield code="t">C-2</subfield>
    <subfield code="w">2021-12-09</subfield>
    <subfield code="y">BK</subfield>
  </datafield>
  <datafield tag="952" ind1=" " ind2=" ">
    <subfield code="0">0</subfield>
    <subfield code="1">0</subfield>
    <subfield code="2">ddc</subfield>
    <subfield code="4">0</subfield>
    <subfield code="7">0</subfield>
    <subfield code="8">NFIC</subfield>
    <subfield code="a">RUCL</subfield>
    <subfield code="b">RUCL</subfield>
    <subfield code="c">Stack</subfield>
    <subfield code="d">1980-11-26</subfield>
    <subfield code="e">Dacca, Saudi Arabian Embassy</subfield>
    <subfield code="g">33.00</subfield>
    <subfield code="l">0</subfield>
    <subfield code="o">B 297.1229  MAT V-19 1980</subfield>
    <subfield code="r">2016-08-04 00:00:00</subfield>
    <subfield code="t">C-2</subfield>
    <subfield code="w">2021-12-09</subfield>
    <subfield code="y">BK</subfield>
  </datafield>
  <datafield tag="952" ind1=" " ind2=" ">
    <subfield code="0">0</subfield>
    <subfield code="1">0</subfield>
    <subfield code="2">ddc</subfield>
    <subfield code="4">0</subfield>
    <subfield code="7">0</subfield>
    <subfield code="8">NFIC</subfield>
    <subfield code="a">RUCL</subfield>
    <subfield code="b">RUCL</subfield>
    <subfield code="c">Stack</subfield>
    <subfield code="d">1980-11-26</subfield>
    <subfield code="e">Dacca, Saudi Arabian Embassy</subfield>
    <subfield code="g">18.00</subfield>
    <subfield code="l">0</subfield>
    <subfield code="o">B 297.1229  MAT V-12 1978</subfield>
    <subfield code="r">2016-08-06 00:00:00</subfield>
    <subfield code="t">C-2</subfield>
    <subfield code="w">2021-12-09</subfield>
    <subfield code="y">BK</subfield>
  </datafield>
  <datafield tag="952" ind1=" " ind2=" ">
    <subfield code="0">0</subfield>
    <subfield code="1">0</subfield>
    <subfield code="2">ddc</subfield>
    <subfield code="4">0</subfield>
    <subfield code="7">0</subfield>
    <subfield code="8">NFIC</subfield>
    <subfield code="a">RUCL</subfield>
    <subfield code="b">RUCL</subfield>
    <subfield code="c">Stack</subfield>
    <subfield code="d">1980-11-26</subfield>
    <subfield code="e">Dacca, Saudi Arabian Embassy</subfield>
    <subfield code="g">20.00</subfield>
    <subfield code="l">0</subfield>
    <subfield code="o">B 297.1229  MAT V-6 1979</subfield>
    <subfield code="r">2016-08-06 00:00:00</subfield>
    <subfield code="t">C-2</subfield>
    <subfield code="w">2021-12-09</subfield>
    <subfield code="y">BK</subfield>
  </datafield>
  <datafield tag="952" ind1=" " ind2=" ">
    <subfield code="0">0</subfield>
    <subfield code="1">0</subfield>
    <subfield code="2">ddc</subfield>
    <subfield code="4">0</subfield>
    <subfield code="7">0</subfield>
    <subfield code="8">NFIC</subfield>
    <subfield code="a">RUCL</subfield>
    <subfield code="b">RUCL</subfield>
    <subfield code="c">Stack</subfield>
    <subfield code="d">1980-11-26</subfield>
    <subfield code="e">Dacca, Saudi Arabian Embassy</subfield>
    <subfield code="g">23.00</subfield>
    <subfield code="l">0</subfield>
    <subfield code="o">B 297.1229  MAT V-10 1978</subfield>
    <subfield code="r">2016-08-07 00:00:00</subfield>
    <subfield code="t">C-2</subfield>
    <subfield code="w">2021-12-09</subfield>
    <subfield code="y">BK</subfield>
  </datafield>
  <datafield tag="952" ind1=" " ind2=" ">
    <subfield code="0">0</subfield>
    <subfield code="1">0</subfield>
    <subfield code="2">ddc</subfield>
    <subfield code="4">0</subfield>
    <subfield code="7">0</subfield>
    <subfield code="8">NFIC</subfield>
    <subfield code="a">RUCL</subfield>
    <subfield code="b">RUCL</subfield>
    <subfield code="c">Stack</subfield>
    <subfield code="d">1981-08-27</subfield>
    <subfield code="e">Dacca, Saudi Arabian Embassy</subfield>
    <subfield code="g">29.50</subfield>
    <subfield code="l">0</subfield>
    <subfield code="o">B 297.1229  MAT V-14 1981</subfield>
    <subfield code="r">2016-12-03 00:00:00</subfield>
    <subfield code="t">C-2</subfield>
    <subfield code="w">2021-12-09</subfield>
    <subfield code="y">BK</subfield>
  </datafield>
  <datafield tag="952" ind1=" " ind2=" ">
    <subfield code="0">0</subfield>
    <subfield code="1">0</subfield>
    <subfield code="2">ddc</subfield>
    <subfield code="4">0</subfield>
    <subfield code="7">0</subfield>
    <subfield code="8">NFIC</subfield>
    <subfield code="a">RUCL</subfield>
    <subfield code="b">RUCL</subfield>
    <subfield code="c">Stack</subfield>
    <subfield code="d">1981-08-27</subfield>
    <subfield code="e">Dacca, Saudi Arabian Embassy</subfield>
    <subfield code="g">28.50</subfield>
    <subfield code="l">0</subfield>
    <subfield code="o">B 297.1229  MAT V-15 1981</subfield>
    <subfield code="r">2016-12-04 00:00:00</subfield>
    <subfield code="t">C-2</subfield>
    <subfield code="w">2021-12-09</subfield>
    <subfield code="y">BK</subfield>
  </datafield>
  <datafield tag="952" ind1=" " ind2=" ">
    <subfield code="0">0</subfield>
    <subfield code="1">0</subfield>
    <subfield code="2">ddc</subfield>
    <subfield code="4">0</subfield>
    <subfield code="7">0</subfield>
    <subfield code="8">NFIC</subfield>
    <subfield code="a">RUCL</subfield>
    <subfield code="b">RUCL</subfield>
    <subfield code="c">Stack</subfield>
    <subfield code="d">1981-08-27</subfield>
    <subfield code="e">Dacca, Saudi Arabian Embassy</subfield>
    <subfield code="g">36.00</subfield>
    <subfield code="l">0</subfield>
    <subfield code="o">B 297.1229  MAT V-17 1981</subfield>
    <subfield code="r">2016-12-05 00:00:00</subfield>
    <subfield code="t">C-2</subfield>
    <subfield code="w">2021-12-09</subfield>
    <subfield code="y">BK</subfield>
  </datafield>
  <datafield tag="952" ind1=" " ind2=" ">
    <subfield code="0">0</subfield>
    <subfield code="1">0</subfield>
    <subfield code="2">ddc</subfield>
    <subfield code="4">0</subfield>
    <subfield code="7">0</subfield>
    <subfield code="8">NFIC</subfield>
    <subfield code="a">RUCL</subfield>
    <subfield code="b">RUCL</subfield>
    <subfield code="c">Stack</subfield>
    <subfield code="d">1981-08-27</subfield>
    <subfield code="e">Dacca, Saudi Arabian Embassy</subfield>
    <subfield code="g">31.00</subfield>
    <subfield code="l">0</subfield>
    <subfield code="o">B 297.1229  MAT V-16 1981</subfield>
    <subfield code="r">2016-12-05 00:00:00</subfield>
    <subfield code="t">C-2</subfield>
    <subfield code="w">2021-12-09</subfield>
    <subfield code="y">BK</subfield>
  </datafield>
  <datafield tag="952" ind1=" " ind2=" ">
    <subfield code="0">0</subfield>
    <subfield code="1">0</subfield>
    <subfield code="2">ddc</subfield>
    <subfield code="4">0</subfield>
    <subfield code="7">1</subfield>
    <subfield code="8">NFIC</subfield>
    <subfield code="a">RUCL</subfield>
    <subfield code="b">RUCL</subfield>
    <subfield code="c">Reading</subfield>
    <subfield code="d">1981-11-26</subfield>
    <subfield code="e">Dacca, Saudi Arabian Embassy</subfield>
    <subfield code="g">20.00</subfield>
    <subfield code="l">0</subfield>
    <subfield code="o">B 297.1229  MAT V-6 1979</subfield>
    <subfield code="r">2016-12-05 00:00:00</subfield>
    <subfield code="t">C-1</subfield>
    <subfield code="w">2021-12-09</subfield>
    <subfield code="y">BK</subfield>
  </datafield>
  <datafield tag="952" ind1=" " ind2=" ">
    <subfield code="0">0</subfield>
    <subfield code="1">0</subfield>
    <subfield code="2">ddc</subfield>
    <subfield code="4">0</subfield>
    <subfield code="7">0</subfield>
    <subfield code="8">NFIC</subfield>
    <subfield code="a">RUCL</subfield>
    <subfield code="b">RUCL</subfield>
    <subfield code="c">Stack</subfield>
    <subfield code="d">1981-08-27</subfield>
    <subfield code="e">Dacca, Saudi Arabian Embassy</subfield>
    <subfield code="g">27.50</subfield>
    <subfield code="l">0</subfield>
    <subfield code="o">B 297.1229  MAT V-18 1981</subfield>
    <subfield code="r">2016-12-06 00:00:00</subfield>
    <subfield code="t">C-2</subfield>
    <subfield code="w">2021-12-09</subfield>
    <subfield code="y">BK</subfield>
  </datafield>
  <datafield tag="952" ind1=" " ind2=" ">
    <subfield code="0">0</subfield>
    <subfield code="1">0</subfield>
    <subfield code="2">ddc</subfield>
    <subfield code="4">0</subfield>
    <subfield code="7">0</subfield>
    <subfield code="8">NFIC</subfield>
    <subfield code="a">RUCL</subfield>
    <subfield code="b">RUCL</subfield>
    <subfield code="c">Stack</subfield>
    <subfield code="d">1981-08-27</subfield>
    <subfield code="e">Dacca, Saudi Arabian Embassy</subfield>
    <subfield code="g">25.50</subfield>
    <subfield code="l">0</subfield>
    <subfield code="o">B 297.1229  MAT V-4 1981</subfield>
    <subfield code="r">2016-12-06 00:00:00</subfield>
    <subfield code="t">C-2</subfield>
    <subfield code="w">2021-12-09</subfield>
    <subfield code="y">BK</subfield>
  </datafield>
  <datafield tag="952" ind1=" " ind2=" ">
    <subfield code="0">0</subfield>
    <subfield code="1">0</subfield>
    <subfield code="2">ddc</subfield>
    <subfield code="4">0</subfield>
    <subfield code="7">0</subfield>
    <subfield code="8">NFIC</subfield>
    <subfield code="a">RUCL</subfield>
    <subfield code="b">RUCL</subfield>
    <subfield code="c">Stack</subfield>
    <subfield code="d">1980-11-26</subfield>
    <subfield code="e">Dacca, Saudi Arabian Embassy</subfield>
    <subfield code="g">20.00</subfield>
    <subfield code="l">0</subfield>
    <subfield code="o">B 297.1229  MAT V-13 1979 </subfield>
    <subfield code="r">2016-12-06 00:00:00</subfield>
    <subfield code="t">C-2</subfield>
    <subfield code="w">2021-12-09</subfield>
    <subfield code="y">BK</subfield>
  </datafield>
  <datafield tag="952" ind1=" " ind2=" ">
    <subfield code="0">0</subfield>
    <subfield code="1">0</subfield>
    <subfield code="2">ddc</subfield>
    <subfield code="4">0</subfield>
    <subfield code="7">0</subfield>
    <subfield code="8">NFIC</subfield>
    <subfield code="a">RUCL</subfield>
    <subfield code="b">RUCL</subfield>
    <subfield code="c">Stack</subfield>
    <subfield code="d">1980-11-26</subfield>
    <subfield code="e">Dacca, Saudi Arabian Embassy</subfield>
    <subfield code="g">13.50</subfield>
    <subfield code="l">0</subfield>
    <subfield code="o">B 297.1229  MAT V-11 1978</subfield>
    <subfield code="r">2016-12-26 00:00:00</subfield>
    <subfield code="t">C-2</subfield>
    <subfield code="w">2021-12-09</subfield>
    <subfield code="y">BK</subfield>
  </datafield>
  <datafield tag="952" ind1=" " ind2=" ">
    <subfield code="0">0</subfield>
    <subfield code="1">0</subfield>
    <subfield code="2">ddc</subfield>
    <subfield code="4">0</subfield>
    <subfield code="7">0</subfield>
    <subfield code="8">NFIC</subfield>
    <subfield code="a">RUCL</subfield>
    <subfield code="b">RUCL</subfield>
    <subfield code="c">Stack</subfield>
    <subfield code="d">1980-10-26</subfield>
    <subfield code="e">Dacca, Saudi Arabian Embassy</subfield>
    <subfield code="g">17.00</subfield>
    <subfield code="l">0</subfield>
    <subfield code="o">B 297.1229 MAT V-2 1978</subfield>
    <subfield code="r">2020-01-02 00:00:00</subfield>
    <subfield code="t">C-2</subfield>
    <subfield code="w">2020-01-02</subfield>
    <subfield code="y">BK</subfield>
  </datafield>
  <datafield tag="952" ind1=" " ind2=" ">
    <subfield code="0">0</subfield>
    <subfield code="1">0</subfield>
    <subfield code="2">ddc</subfield>
    <subfield code="4">0</subfield>
    <subfield code="7">1</subfield>
    <subfield code="8">NFIC</subfield>
    <subfield code="a">RUCL</subfield>
    <subfield code="b">RUCL</subfield>
    <subfield code="c">Reading</subfield>
    <subfield code="d">1980-11-26</subfield>
    <subfield code="e">Dacca, Saudi Arabian Embassy</subfield>
    <subfield code="g">20.00</subfield>
    <subfield code="l">0</subfield>
    <subfield code="o">B 297.1229  MAT V-13 1979</subfield>
    <subfield code="r">2020-01-02 00:00:00</subfield>
    <subfield code="t">C-1</subfield>
    <subfield code="w">2020-01-02</subfield>
    <subfield code="y">BK</subfield>
  </datafield>
  <datafield tag="952" ind1=" " ind2=" ">
    <subfield code="0">0</subfield>
    <subfield code="1">0</subfield>
    <subfield code="2">ddc</subfield>
    <subfield code="4">0</subfield>
    <subfield code="7">1</subfield>
    <subfield code="8">NFIC</subfield>
    <subfield code="a">RUCL</subfield>
    <subfield code="b">RUCL</subfield>
    <subfield code="c">Reading</subfield>
    <subfield code="d">1980-11-26</subfield>
    <subfield code="e">Dacca, Saudi Arabian Embassy</subfield>
    <subfield code="g">33.00</subfield>
    <subfield code="l">0</subfield>
    <subfield code="o">B 297.1229  MAT V-19 1980</subfield>
    <subfield code="r">2020-01-02 00:00:00</subfield>
    <subfield code="t">C-1</subfield>
    <subfield code="w">2020-01-02</subfield>
    <subfield code="y">BK</subfield>
  </datafield>
</record>
